00803nam a2200169 a 450000100100000000500170001000800410002704000250006810000270009324500820012026000330020230000210023558600770025695201050033395201780043899900170061600003522020200930074203.0111026s1900 le a 000 0 spa d aDO-SdBNPbspacBNPHU1 aNelson, Ernesto96097210aPrimeros ensayos en la física y la química de Appleton /cErnesto Nelson. aLondon :bD. Ppleton,c1900. a215 p. ;c20 cm. aObra premiada en la expocisión universal de St. Louis (Estados Unidos) 001050718MOaGRbGRcCTd2011-10-26iLF1l0o p35220-10r2020-06-25w2020-06-25y1ZNo se presta 001050718MOaGRbGRcHDd2011-10-26iLF1l0o p35221-10r2020-06-25w2020-06-25y1zPerteneció a la biblioteca personal de Juan Isidro Jimenes Grullón.ZNo se presta c34711d34711